Les 100 plus grandes villes de Bretagne sur une carte - Statistiques

Statistiques générales
  • Ce quiz a été pris 977 fois
    702 depuis la dernière actualisation
  • Le résultat moyen est 38 sur 101
Réponses sur la Carte
Les réponses sont colorées sur une échelle allant du rouge au vert en fonction du pourcentage des utilisateurs qui les ont devinées à leur premier essai. Vous pouvez retrouver ces pourcentages ci-dessous.
 
Statistiques - réponses
Population Ville % Correct
225 081 Rennes
99%
139 619 Brest
99%
63 642 Quimper
97%
47 323 Saint-Malo
97%
54 420 Vannes
96%
44 224 Saint-Brieuc
95%
57 846 Lorient
95%
20 344 Lannion
83%
20 653 Fougères
82%
14 675 Dinan
80%
20 607 Concarneau
79%
14 903 Morlaix
77%
10 219 Dinard
75%
7 105 Guingamp
74%
14 774 Pontivy
73%
18 998 Vitré
70%
12 313 Quimperlé
66%
9 312 Redon
66%
14 163 Douarnenez
64%
16 206 Landerneau
61%
17 716 Cesson-Sévigné
59%
14 222 Auray
58%
23 026 Lanester
56%
7 240 Carhaix-Plouguer
55%
19 651 Bruz
53%
16 845 Lamballe-Armor
53%
7 321 Crozon
50%
7 191 Paimpol
50%
13 445 Plougastel-Daoulas
50%
7 175 Perros-Guirec
47%
15 746 Hennebont
46%
9 879 Ploërmel
46%
15 460 Guipavas
44%
9 762 Loudéac
42%
9 192 Landivisiau
41%
18 591 Ploemeur
41%
8 395 Pont-l'Abbé
37%
8 977 Sarzeau
37%
9 837 Saint-Grégoire
36%
13 656 Saint-Jacques-de-la-Lande
36%
11 918 Pacé
33%
6 699 Ploeren
32%
6 741 Saint-Pol-de-Léon
32%
10 098 Fouesnant
31%
8 318 Larmor-Plage
31%
12 695 Betton
30%
10 232 Chantepie
30%
14 704 Plérin
30%
11 947 Guidel
28%
13 473 Plouzané
28%
7 570 Bain-de-Bretagne
27%
10 518 Châteaugiron
26%
9 535 Le Rheu
26%
8 507 Liffré
26%
11 369 Ploufragan
26%
8 001 Questembert
26%
8 570 Janzé
25%
11 791 Le Relecq-Kerhuon
25%
6 410 Montauban-de-Bretagne
24%
8 358 Saint-Renan
24%
11 927 Saint-Avé
23%
7 631 Noyal-Châtillon-sur-Seiche
22%
7 609 Rosporden
22%
8 944 Séné
22%
6 881 Binic-Étables-sur-Mer
21%
7 512 Châteaubourg
21%
6 742 Montfort-sur-Meu
21%
8 582 Thorigné-Fouillard
21%
7 886 Langueux
20%
7 377 Lesneven
20%
7 658 Mordelles
20%
6 358 Ploudalmézeau
20%
8 233 Vern-sur-Seiche
20%
8 237 Chartres-de-Bretagne
19%
6 888 Acigné
18%
6 347 Gouesnou
18%
8 995 Guichen
18%
8 170 Guilers
18%
8 589 Plabennec
18%
8 403 Theix-Noyalo
18%
8 450 Trégueux
18%
8 553 Ergué-Gabéric
17%
8 790 Quéven
16%
7 202 Guipry-Messac
15%
7 260 Melesse
15%
6 756 Moëlan-sur-Mer
15%
6 953 Pleurtuit
15%
6 682 Plouguerneau
15%
7 050 Trégunc
15%
6 571 Inzinzac-Lochrist
14%
7 074 Caudan
13%
6 469 Bréal-sous-Montfort
12%
7 651 Pluvigner
12%
7 316 Pordic
12%
6 436 Elven
11%
6 966 Kervignac
11%
8 047 Languidic
10%
6 413 Le Mené
10%
6 347 Plonéour-Lanvern
10%
6 924 Brech
9%
6 910 Plédran
9%
Aucun quiz correspondant
Distribution des résultats
% des personnes avec chaque résultat
Percentile par nombre de réponses
Votre historique - résultats
Vous n’avez pas pris ce quiz depuis la dernière actualisation